Weird Things Politicians Have Said - Statistics

General Stats
  • This quiz has been taken 351 times
  • The average score is 5 of 16
Answer Stats
Hint Answer % Correct
"In Springfield, they're eating the dogs" Donald Trump
84%
"Pokémon Go to the polls" Hillary Clinton
53%
"Potatoe*" (Technically he didn't say it, but he insisted it) Dan Quayle
52%
"They misunderestimated me" George W. Bush
51%
"I'm the President of the United States, and I'm not going to eat any more broccoli George H.W. Bush
46%
"Please clap" Jeb Bush
42%
"It depends upon what the meaning of the word 'is' is" Bill Clinton
38%
"I've got hairy legs that turn — that — that — that turn — um, blonde in the sun" Joe Biden
38%
"I've committed adultery in my heart many times" Jimmy Carter
25%
"This is the 34th anniversary of my 39th birthday" Ronald Reagan
25%
"They don't call me Tyrannosaurus Sex for nothing" Ted Kennedy
23%
"There will be a giant sucking sound going south" Ross Perot
17%
"I would like to demonstrate for you, the _______ version of the macarena" Al Gore
16%
"Make your wet dreams come true*" (Campaign slogan) Al Smith
15%
"I've now been in 57 states. I think one left to go" Barack Obama
14%
''If you don't mind smelling like peanut butter for two or three days, peanut butter is darn good shaving cream" Barry Goldwater
8%
No matching quizzes found
Score Distribution
Percent of People with Each Score
Percentile by Number Answered
Your Score History
You have not taken this quiz